Sports Quiz

Random Sports or NFL Quiz

Find the NFL Hall of Fame Inductees (RBs) Quiz Stats

 Plays Quiz Updated Jan 23, 2018

Challenge
Share
Tweet
Score 0/16 Timer 03:00
9 Plays Today
% Correct
Emmitt Smith (2010)
94.6%
Walter Payton (1993)
94.1%
Barry Sanders (2004)
92.9%
LaDainian Tomlinson (2017)
92.7%
Jim Brown (1971)
91.9%
Jerome Bettis (2015)
91.4%
Terrell Davis (2017)
90.9%
O.J. Simpson (1985)
88.9%
% Correct
John Riggins (1992)
88.8%
Eric Dickerson (1999)
87.6%
Marcus Allen (2003)
87.4%
Curtis Martin (2012)
86.7%
Earl Campbell (1991)
85.4%
Franco Harris (1990)
85.2%
Larry Csonka (1987)
84.9%
Gale Sayers (1977)
84.8%

You're not logged in!

Compare scores with friends on all Sporcle quizzes.
OR
Log In

You Might Also Like...

Show Comments

Extras

Top Quizzes Today


Score Distribution

Your Account Isn't Verified!

In order to create a playlist on Sporcle, you need to verify the email address you used during registration. Go to your Sporcle Settings to finish the process.

Report this User

Report this user for behavior that violates our Community Guidelines.

Details: